000 00629nam a22002177a 4500
003 UA-OsUOA
001 38289
007 ta
008 20060503b un ||||| |||| 00| 0 ukr d
100 _aГаврилюк Оксана
090 _a82
_bГ11
942 _cSA
040 _aUA-OsUOA
_bukr
_cUA-OsUOA
_dUA-OsUOA
245 _aТема духовного розкріпачення жінки у творчості Ольги Кобилянської
300 _a15-18 с.
955 _a0
041 _aukr
080 _a82
773 0 _w38288
650 7 _a82 Література. Літературознавство
_2UDC
999 _c324463
_d324463